000 00356nam a22001217a 4500
082 _a621.3192 RUS'E
100 _aRUSTON, HENRY,BORDOGNA, JOSEPH
_980725
245 _aELECTRIC NETWORKS FUNCTIONS FILTERS ANALYSIS
260 _aNEWYORK
_bMCGRAW HILL
_c1966
300 _a552P
650 _aELECTRIC NETWORKS-FUNCTIONS NETWORKS-FUNCTIONS
_980726
942 _cBK
999 _c585617
_d585617